000 00996cam a2200325 a 4500
001 16557465
003 20170119165312.0
005 20240606080935.0
008 101130s2012 maua 001 0 eng
010 _a 2010047535
020 _a9780321726438
020 _a032172643X
020 _a9780321738318
020 _a0321738314
040 _aDLC
_cDLC
_dDLC
042 _apcc
050 0 0 _aQA39.3
_b.M374 2012
082 0 0 _a510
_222
100 1 _aMartin-Gay, K. Elayn,
_d1955-
245 1 0 _aBasic college mathematics with early integers /
250 _a2nd ed.
260 _aBoston :
_bPrentice Hall,
_cc2012.
300 _axxii, 744, [25] p. :
_bcol. ill. ;
_c29 cm.
500 _aIncludes index.
650 0 _aMathematics
_vTextbooks.
650 0 _aNumbers, Natural
_vTextbooks.
906 _a7
_bcbc
_corignew
_d1
_eecip
_f20
_gy-gencatlg
942 _2lcc
_cBK
999 _c4447
_d4447